Architectonics of Semiotics (Record no. 372686)

MARC details
000 -LEADER
fixed length control field 00550nam a2200193Ia 4500
008 - FIXED-LENGTH DATA ELEMENTS--GENERAL INFORMATION
fixed length control field 191130s1998##################000#0#eng##
020 ## - INTERNATIONAL STANDARD BOOK NUMBER
ISBN 9780333759691
082 ## - DEWEY DECIMAL CLASSIFICATION NUMBER
Classification number 302.2 TAB
100 ## - MAIN ENTRY--AUTHOR NAME
Personal name Taborsky, Edwina
245 ## - TITLE STATEMENT
Title Architectonics of Semiotics
Statement of responsibility, etc Edwina Taborsky
260 ## - PUBLICATION, DISTRIBUTION, ETC. (IMPRINT)
Place of publication London
Name of publisher Macmillan
Year of publication 1998
300 ## - PHYSICAL DESCRIPTION
Number of Pages 202 p. 22 cm
500 ## - GENERAL NOTE
General note Includes bibliographical references and index
650 ## - SUBJECT ADDED ENTRY--TOPICAL TERM
Topical Term Semiotics - Philosophy
991 ## -
-- 216138
Holdings
Withdrawn status Lost status Damaged status Not for loan Home library Current library Shelving location Date acquired Full call number Accession Number Price effective from Koha item type
        Anna Centenary Library Anna Centenary Library 3RD FLOOR, B WING 17.10.2020 302.2 TAB 322006 17.10.2020 English Books

Find us on the map